[Event "2. BUNDESLIGA MITTE 2019/2020"]
[Site "Taufkirchen"]
[Date "2019.11.08"]
[Round "4"]
[Board "6"]
[White "Stolz, Julius"]
[Black "Lentrodt, Thomas"]
[Result "1/2-1/2"]
[WhiteElo "2130"]
[BlackElo "2251"]
[PlyCount "83"]
[EventDate "2019.10.11"]
[EventType "team"]
[EventRounds "11"]
[EventCountry "AUT"]
[WhiteTeam "SV Steyregg"]
[BlackTeam "SPG Sparkasse SEDDA Grieskirchen/Schalle"]

1. e4 c5 2. Nf3 e6 3. b3 d6 4. Bb2 Nf6 5. e5 dxe5 6. Nxe5 Be7 7. Bd3 Nbd7 8. f4
Nxe5 9. fxe5 Nd5 10. O-O g6 11. Qf3 O-O 12. Na3 Bd7 13. Nc4 Bc6 14. Be4 Nb4 15.
Nd6 Qd7 16. Bxc6 Nxc6 17. Ne4 Nd4 18. Qd3 Qb5 19. Qxb5 Nxb5 20. d3 Rad8 21. Rf2
Nd4 22. Re1 Rd5 23. Nc3 Rd7 24. Bc1 Kg7 25. Ref1 Nc6 26. Re1 b6 27. Ne4 h6 28.
Nf6 Rdd8 29. Ng4 g5 30. h3 Kg6 31. Nh2 Rd5 32. Bb2 h5 33. g4 h4 34. Nf3 Rd7 35.
Kg2 Nb4 36. a3 Nc6 37. Nd2 Rd5 38. Nf3 Rd7 39. Nd2 Rd5 40. Nf3 Rfd8 41. Ref1
Rf8 42. Re1  1/2-1/2

[Event "2. BUNDESLIGA MITTE 2019/2020"]
[Site "Taufkirchen"]
[Date "2019.11.08"]
[Round "4"]
[Board "1"]
[White "Kadric, Denis"]
[Black "Leisch, Lukas"]
[Result "1/2-1/2"]
[WhiteElo "2588"]
[BlackElo "2340"]
[PlyCount "151"]
[EventDate "2019.10.11"]
[EventType "team"]
[EventRounds "11"]
[EventCountry "AUT"]
[WhiteTeam "SC Pinggau-Friedberg"]
[BlackTeam "SPG Freistadt/Wartberg"]

1. e4 e6 2. d4 d5 3. Nd2 c5 4. Ngf3 cxd4 5. Nxd4 Nc6 6. Bb5 Bd7 7. Nxc6 bxc6 8.
Bd3 Bd6 9. Qe2 Ne7 10. e5 Bc7 11. Nf3 Ng6 12. O-O O-O 13. Ng5 Qe8 14. b3 c5 15.
f4 h6 16. Nf3 Bb6 17. c4 Bc6 18. Be3 d4 19. Bd2 Qe7 20. Qf2 Bc7 21. Qg3 Bxf3
22. Qxf3 Rae8 23. Qh5 Nh4 24. g3 Nf5 25. Bxf5 exf5 26. Qxf5 Qe6 27. Qd3 a5 28.
Rae1 Qc6 29. Re2 Re6 30. Rfe1 Rfe8 31. Kf2 Qa8 32. Qf3 Qa7 33. a4 Qb6 34. Re4
R6e7 35. h4 Rb8 36. Rb1 Rbe8 37. Ree1 Qe6 38. Bc1 Qf5 39. Ba3 Bb6 40. g4 Qd7
41. Rbd1 Kh8 42. Bc1 Bc7 43. h5 Re6 44. Bd2 Qe7 45. Kg2 Qd7 46. Kf1 Qd8 47. Kg2
Qd7 48. Rg1 Qe7 49. Kf1 f6 50. exf6 Qxf6 51. Rg2 Qh4 52. Rf2 Re4 53. Kg2 Rf8
54. Rh1 Qe7 55. f5 Qe5 56. Kh3 Re8 57. f6 Qxf6 58. Qxf6 gxf6 59. Rxf6 Re2 60.
Bxh6 d3 61. Bf4 Bxf4 62. Rxf4 d2 63. Rd1 R8e3+ 64. Kh4 Rh2+ 65. Kg5 Rg2 66.
Rf8+ Kg7 67. Rdf1 Re5+ 68. Kh4 Re7 69. Rd8 Re4 70. Rd7+ Kg8 71. Kg5 Rgxg4+ 72.
Kf5 Rd4 73. Rd1 Rgf4+ 74. Kg5 Rg4+ 75. Kf5 Rgf4+ 76. Kg5  1/2-1/2

[Event "2. BUNDESLIGA MITTE 2019/2020"]
[Site "Taufkirchen"]
[Date "2019.11.08"]
[Round "4"]
[Board "2"]
[White "Ly, Dominik"]
[Black "Ftacnik, Lubomir"]
[Result "1/2-1/2"]
[WhiteElo "2228"]
[BlackElo "2521"]
[PlyCount "83"]
[EventDate "2019.10.11"]
[EventType "team"]
[EventRounds "11"]
[EventCountry "AUT"]
[WhiteTeam "SPG Freistadt/Wartberg"]
[BlackTeam "SC Pinggau-Friedberg"]

1. c4 Nf6 2. Nc3 c5 3. Nf3 e6 4. d4 cxd4 5. Nxd4 Nc6 6. a3 Be7 7. e4 O-O 8. Nf3
d6 9. Be2 b6 10. O-O Bb7 11. Bg5 Rc8 12. Rc1 Na5 13. Nd2 h6 14. Bh4 Qd7 15. Bg3
Rfd8 16. b4 Nc6 17. f4 Nd4 18. Bd3 d5 19. cxd5 exd5 20. e5 Ne4 21. Ncxe4 dxe4
22. Rxc8 Bxc8 23. Nxe4 Nf5 24. Be2 Qc6 25. Qb1 Nd4 26. Bd3 Qa4 27. Qb2 Nb5 28.
Bxb5 Qxb5 29. f5 Bxf5 30. Nd6 Bxd6 31. exd6 Bg6 32. Be5 f6 33. Bxf6 gxf6 34.
Qxf6 Qg5 35. Qe6+ Kh8 36. h4 Qxh4 37. Qxg6 Qd4+ 38. Kh2 Qh4+ 39. Kg1 Qd4+ 40.
Kh2 Qxd6+ 41. Qxd6 Rxd6 42. Rf7  1/2-1/2

[Event "2. BUNDESLIGA MITTE 2019/2020"]
[Site "Taufkirchen"]
[Date "2019.11.08"]
[Round "4"]
[Board "3"]
[White "Milanovic, Danilo"]
[Black "Mayerhofer, Peter"]
[Result "1-0"]
[WhiteElo "2455"]
[BlackElo "2174"]
[PlyCount "53"]
[EventDate "2019.10.11"]
[EventType "team"]
[EventRounds "11"]
[EventCountry "AUT"]
[WhiteTeam "SC Pinggau-Friedberg"]
[BlackTeam "SPG Freistadt/Wartberg"]

1. d4 d5 2. Bf4 Nf6 3. e3 c5 4. c3 Nc6 5. Nd2 Bf5 6. Qb3 Qc8 7. a4 e6 8. Be2
Be7 9. Ngf3 h6 10. h3 O-O 11. O-O a6 12. Qa2 c4 13. a5 Bd8 14. b3 Ne4 15. Nxe4
cxb3 16. Qxb3 Bxe4 17. Bd6 Re8 18. Bb4 Bc7 19. Nd2 Bf5 20. c4 Qd8 21. cxd5 exd5
22. Bf3 Qg5 23. Bc3 Rac8 24. Rfe1 Bxh3 25. Qxd5 Qh4 26. gxh3 Qxh3 27. Qh5  1-0

[Event "2. BUNDESLIGA MITTE 2019/2020"]
[Site "Taufkirchen"]
[Date "2019.11.08"]
[Round "4"]
[Board "4"]
[White "Postlmayer, Jakob"]
[Black "Schnider, Gert"]
[Result "1/2-1/2"]
[WhiteElo "2204"]
[BlackElo "2423"]
[PlyCount "54"]
[EventDate "2019.10.11"]
[EventType "team"]
[EventRounds "11"]
[EventCountry "AUT"]
[WhiteTeam "SPG Freistadt/Wartberg"]
[BlackTeam "SC Pinggau-Friedberg"]

1. c4 e6 2. Nc3 d5 3. d4 Nf6 4. cxd5 exd5 5. Bg5 Be7 6. e3 c6 7. Bd3 Nbd7 8.
Nge2 h6 9. Bh4 Nh5 10. Bxe7 Qxe7 11. O-O O-O 12. Rb1 a5 13. a3 Nhf6 14. Ng3 Re8
15. b4 axb4 16. axb4 b5 17. Nf5 Qf8 18. Qf3 g6 19. Ng3 Qg7 20. Ra1 Bb7 21. Qf4
Qf8 22. Qc7 Rec8 23. Qxb7 Rab8 24. Qa7 Ra8 25. Qb7 Rab8 26. Qa7 Ra8 27. Qb7
Rab8  1/2-1/2

[Event "2. BUNDESLIGA MITTE 2019/2020"]
[Site "Taufkirchen"]
[Date "2019.11.08"]
[Round "4"]
[Board "5"]
[White "Mahdy, Khaled"]
[Black "Rechberger, Franz"]
[Result "1-0"]
[WhiteElo "2376"]
[BlackElo "2117"]
[PlyCount "71"]
[EventDate "2019.10.11"]
[EventType "team"]
[EventRounds "11"]
[EventCountry "AUT"]
[WhiteTeam "SC Pinggau-Friedberg"]
[BlackTeam "SPG Freistadt/Wartberg"]

1. e4 c5 2. Nf3 d6 3. c3 Nf6 4. Be2 Nc6 5. d4 cxd4 6. cxd4 d5 7. e5 Ne4 8. O-O
e6 9. Nc3 Nxc3 10. bxc3 Be7 11. Bd3 Bd7 12. Ne1 Qc7 13. Qg4 h5 14. Qxg7 O-O-O
15. Qg3 h4 16. Qe3 Rdg8 17. f4 f5 18. Nf3 Rg7 19. Qe1 Nd8 20. Be3 Nf7 21. c4
dxc4 22. Bxc4 Kb8 23. Rc1 Ba3 24. Rc2 Bc6 25. d5 Bxd5 26. Bb3 Bc6 27. Nd4 Rhg8
28. Nxc6+ bxc6 29. Bxe6 Qb7 30. Bxf5 c5 31. Bh3 Qe4 32. Re2 Bb4 33. Bd2 Qd3 34.
Kh1 Nh6 35. Bxb4 cxb4 36. Qxb4+  1-0

[Event "2. BUNDESLIGA MITTE 2019/2020"]
[Site "Taufkirchen"]
[Date "2019.11.08"]
[Round "4"]
[Board "6"]
[White "Traunwieser, Georg"]
[Black "Schieder, Andreas"]
[Result "1-0"]
[WhiteElo "2064"]
[BlackElo "2188"]
[PlyCount "97"]
[EventDate "2019.10.11"]
[EventType "team"]
[EventRounds "11"]
[EventCountry "AUT"]
[WhiteTeam "SPG Freistadt/Wartberg"]
[BlackTeam "SC Pinggau-Friedberg"]

1. d4 d5 2. c4 e5 3. dxe5 d4 4. Nf3 Nc6 5. a3 Nge7 6. e3 Nf5 7. e4 Nh4 8. Bf4
Bg4 9. Qb3 Be7 10. Nbd2 Ng6 11. Bg3 h5 12. h3 Be6 13. Qxb7 Na5 14. Qb5+ c6 15.
Qa4 h4 16. Bh2 O-O 17. b4 Nb7 18. Qa6 Qd7 19. c5 d3 20. Bxd3 Bxc5 21. O-O Bb6
22. Rfd1 Qe7 23. Nc4 Bxc4 24. Bxc4 Nd8 25. Rd2 Ne6 26. Rad1 c5 27. Rd7 Rad8 28.
Bxe6 fxe6 29. Rxd8 Rxd8 30. Rxd8+ Qxd8 31. bxc5 Qd1+ 32. Qf1 Qxf1+ 33. Kxf1
Bxc5 34. a4 Kf7 35. Ke2 Ke7 36. Ng5 Kd7 37. f4 Be7 38. Nf3 Bc5 39. f5 Nf8 40.
Nxh4 Kc6 41. Kd3 Bf2 42. Nf3 Kc5 43. Kc3 g6 44. f6 Nd7 45. f7 Kc6 46. Nd4+
Bxd4+ 47. Kxd4 g5 48. Bg1 Kc7 49. Be3  1-0

[Event "2. BUNDESLIGA MITTE 2019/2020"]
[Site "Taufkirchen"]
[Date "2019.11.08"]
[Round "4"]
[Board "1"]
[White "Gonda, Laszlo"]
[Black "Nagy, Gabor"]
[Result "1/2-1/2"]
[WhiteElo "2532"]
[BlackElo "2489"]
[PlyCount "66"]
[EventDate "2019.10.11"]
[EventType "team"]
[EventRounds "11"]
[EventCountry "AUT"]
[WhiteTeam "ASK St. Valentin"]
[BlackTeam "SPG Fuerstenfeld/Hartberg 2"]

1. c4 e5 2. Nc3 Nf6 3. g3 Bb4 4. Bg2 O-O 5. Nf3 Nc6 6. O-O e4 7. Ng5 Bxc3 8.
bxc3 Re8 9. Qc2 Qe7 10. d3 exd3 11. exd3 d6 12. Bf4 h6 13. Nf3 Bf5 14. Rab1
Rab8 15. Rfe1 Qd7 16. Nd4 Nxd4 17. cxd4 b6 18. d5 Re7 19. Rxe7 Qxe7 20. Bd2 Re8
21. Bf1 Qd7 22. Re1 Rxe1 23. Bxe1 c6 24. dxc6 Qxc6 25. Qb2 d5 26. Bc3 dxc4 27.
dxc4 Ne4 28. Bxg7 Ng5 29. Qf6 Nf3+ 30. Kh1 Qe4 31. Qxh6 Nd2+ 32. Kg1 Nf3+ 33.
Kh1 Nd2+  1/2-1/2

[Event "2. BUNDESLIGA MITTE 2019/2020"]
[Site "Taufkirchen"]
[Date "2019.11.08"]
[Round "4"]
[Board "2"]
[White "Poetz, Florian"]
[Black "Sandhoefner, Florian"]
[Result "1-0"]
[WhiteElo "2418"]
[BlackElo "2323"]
[PlyCount "69"]
[EventDate "2019.10.11"]
[EventType "team"]
[EventRounds "11"]
[EventCountry "AUT"]
[WhiteTeam "SPG Fuerstenfeld/Hartberg 2"]
[BlackTeam "ASK St. Valentin"]

1. e4 c5 2. Nf3 d6 3. d4 cxd4 4. Nxd4 Nf6 5. Nc3 a6 6. h3 e6 7. g4 b5 8. Bg2
Bb7 9. O-O b4 10. Nd5 exd5 11. exd5 Be7 12. g5 Nfd7 13. Nf5 O-O 14. Qd4 f6 15.
Qxb4 Bc8 16. Re1 Rf7 17. Re6 fxg5 18. Nxe7+ Rxe7 19. Qxd6 Rf7 20. Bxg5 Qxg5 21.
Re8+ Nf8 22. Rxc8 Qf5 23. Qe6 Qxf2+ 24. Kh1 Raa7 25. d6 Kh8 26. Rxb8 h6 27. Rf1
Qxf1+ 28. Bxf1 Rxf1+ 29. Kg2 Raf7 30. Qe2 R1f6 31. Qd3 Rd7 32. c4 Kg8 33. c5 g5
34. Qd5+ Kg7 35. Rb7  1-0

[Event "2. BUNDESLIGA MITTE 2019/2020"]
[Site "Taufkirchen"]
[Date "2019.11.08"]
[Round "4"]
[Board "3"]
[White "Breneis, Lukas"]
[Black "Kiss, Attila"]
[Result "1/2-1/2"]
[WhiteElo "2240"]
[BlackElo "2335"]
[PlyCount "63"]
[EventDate "2019.10.11"]
[EventType "team"]
[EventRounds "11"]
[EventCountry "AUT"]
[WhiteTeam "ASK St. Valentin"]
[BlackTeam "SPG Fuerstenfeld/Hartberg 2"]

1. e4 d5 2. exd5 Nf6 3. d4 Nxd5 4. Nf3 g6 5. c4 Nb6 6. h3 Bg7 7. Be2 O-O 8. Nc3
Nc6 9. Be3 e5 10. d5 Ne7 11. Qb3 Nf5 12. Bg5 Qe8 13. Ne4 h6 14. Bf6 Nd6 15.
Nfd2 Nxe4 16. Nxe4 Nd7 17. Bxg7 Kxg7 18. g4 Qe7 19. O-O-O Nf6 20. d6 cxd6 21.
Nxd6 b6 22. Rhe1 Bb7 23. f4 Bc6 24. Bf3 e4 25. g5 hxg5 26. fxg5 Nd7 27. Nxe4
Bxe4 28. Bxe4 Qxg5+ 29. Qe3 Qxe3+ 30. Rxe3 Rad8 31. Red3 Rde8 32. Rxd7  1/2-1/2

[Event "2. BUNDESLIGA MITTE 2019/2020"]
[Site "Taufkirchen"]
[Date "2019.11.08"]
[Round "4"]
[Board "4"]
[White "Kuba, Guenter"]
[Black "Heimberger, Reinhard"]
[Result "1-0"]
[WhiteElo "2338"]
[BlackElo "2238"]
[PlyCount "109"]
[EventDate "2019.10.11"]
[EventType "team"]
[EventRounds "11"]
[EventCountry "AUT"]
[WhiteTeam "SPG Fuerstenfeld/Hartberg 2"]
[BlackTeam "ASK St. Valentin"]

1. e4 c5 2. Nf3 d6 3. Bb5+ Nc6 4. O-O Bd7 5. Re1 Nf6 6. c3 Ne5 7. Bxd7+ Nfxd7
8. d4 Nxf3+ 9. Qxf3 e6 10. Qg3 Qf6 11. Bf4 cxd4 12. cxd4 e5 13. Bg5 Qg6 14. Nc3
Be7 15. Bxe7 Qxg3 16. hxg3 Kxe7 17. Nd5+ Kd8 18. dxe5 dxe5 19. Re3 Rc8 20. Ra3
a6 21. Rd1 Ke8 22. Rb3 Nc5 23. Rc1 Rc6 24. Rxb7 Nxb7 25. Rxc6 a5 26. Rc8+ Nd8
27. Ra8 Kd7 28. Rxa5 Nc6 29. Rb5 f5 30. Rb7+ Kd6 31. Rxg7 fxe4 32. Nc3 Rb8 33.
b3 Nb4 34. a4 Nd3 35. Nb5+ Kc5 36. Rxh7 Rf8 37. Rc7+ Kb4 38. Rc2 Kxb3 39. Re2
Kxa4 40. Nc3+ Kb4 41. Nxe4 Kc4 42. f3 Kd4 43. Nf2 Nc5 44. g4 Kd5 45. Ne4 Ne6
46. Kf2 Nd4 47. Ra2 Rb8 48. g5 Nf5 49. Nf6+ Ke6 50. Ng4 Nd4 51. Ra5 Rb2+ 52.
Kg3 Nf5+ 53. Kh3 Re2 54. g6 Re1 55. Kh2  1-0

[Event "2. BUNDESLIGA MITTE 2019/2020"]
[Site "Taufkirchen"]
[Date "2019.11.08"]
[Round "4"]
[Board "5"]
[White "Tober, Gerhard"]
[Black "Stradner, Stefan"]
[Result "1/2-1/2"]
[WhiteElo "2197"]
[BlackElo "2125"]
[PlyCount "104"]
[EventDate "2019.10.11"]
[EventType "team"]
[EventRounds "11"]
[EventCountry "AUT"]
[WhiteTeam "ASK St. Valentin"]
[BlackTeam "SPG Fuerstenfeld/Hartberg 2"]

1. e4 d6 2. d4 Nf6 3. Nc3 e5 4. Nge2 Be7 5. g3 Nbd7 6. Bg2 c6 7. a4 O-O 8. O-O
Re8 9. Be3 Bf8 10. d5 c5 11. h3 g6 12. Qd2 Rb8 13. f3 b6 14. Rf2 a6 15. Qd3 Qe7
16. Raf1 Bg7 17. g4 Rf8 18. Ng3 b5 19. axb5 axb5 20. Ra1 b4 21. Nce2 Nb6 22. b3
Ne8 23. Ra2 Nc7 24. Bf1 f5 25. gxf5 gxf5 26. Nh5 fxe4 27. fxe4 Rxf2 28. Bxf2
Qg5+ 29. Neg3 Ra8 30. Rxa8 Nbxa8 31. Qf3 Nb6 32. Be3 Qg6 33. Kh2 Ne8 34. Be2
Nf6 35. Nxf6+ Qxf6 36. Qg2 Bd7 37. Nh5 Qg6 38. Ng3 Kh8 39. Bh5 Qf6 40. Qe2 Bh6
41. Bxh6 Qxh6 42. Qf2 Nc8 43. Qf7 Qg7 44. Qf3 Ne7 45. Bg4 Bxg4 46. hxg4 Ng8 47.
Nh5 Qg5 48. Kh3 Qc1 49. Qf8 Qh1+ 50. Kg3 Qg1+ 51. Kh3 Qh1+ 52. Kg3 Qg1+  1/2-1/2

[Event "2. BUNDESLIGA MITTE 2019/2020"]
[Site "Taufkirchen"]
[Date "2019.11.08"]
[Round "4"]
[Board "6"]
[White "Marakovits, Nico"]
[Black "Kranzl, Peter"]
[Result "1/2-1/2"]
[WhiteElo "2038"]
[BlackElo "2155"]
[PlyCount "93"]
[EventDate "2019.10.11"]
[EventType "team"]
[EventRounds "11"]
[EventCountry "AUT"]
[WhiteTeam "SPG Fuerstenfeld/Hartberg 2"]
[BlackTeam "ASK St. Valentin"]

1. d4 Nf6 2. c4 c5 3. d5 b5 4. cxb5 g6 5. Nc3 Bg7 6. e4 O-O 7. Nf3 d6 8. Be2 a6
9. bxa6 Qa5 10. a7 Rxa7 11. Bd2 Qb6 12. O-O Ba6 13. a4 Nbd7 14. Bxa6 Rxa6 15.
Qc2 Rb8 16. Nb5 Ne8 17. Bc3 Nc7 18. Nxc7 Qxc7 19. Bxg7 Kxg7 20. Qc3+ Kg8 21.
Nd4 Rb4 22. Nc6 Rxe4 23. a5 Nf6 24. f3 Rf4 25. g3 Rf5 26. Qc4 Ra8 27. Rad1 Nxd5
28. Rxd5 Qxc6 29. Rxf5 gxf5 30. b4 Rb8 31. bxc5 Rb5 32. Re1 e6 33. Qh4 Qxc5+
34. Kg2 Qc7 35. Qg5+ Kf8 36. Rc1 Rc5 37. Qh6+ Ke8 38. Rxc5 Qxc5 39. Qxh7 Qxa5
40. Qg8+ Ke7 41. Qg5+ Kf8 42. h4 Qa2+ 43. Kh3 Qf2 44. Qd8+ Kg7 45. Qg5+ Kh7 46.
Qh5+ Kg8 47. Qg5+  1/2-1/2

[Event "2. BUNDESLIGA MITTE 2019/2020"]
[Site "Taufkirchen"]
[Date "2019.11.09"]
[Round "5"]
[Board "1"]
[White "Nagy, Gabor"]
[Black "Mostbauer, Maximilian"]
[Result "1-0"]
[WhiteElo "2489"]
[BlackElo "2225"]
[PlyCount "97"]
[EventDate "2019.10.11"]
[EventType "team"]
[EventRounds "11"]
[EventCountry "AUT"]
[WhiteTeam "SPG Fuerstenfeld/Hartberg 2"]
[BlackTeam "SPG Nettingsdorf/Traun"]

1. d4 Nf6 2. c4 g6 3. Nc3 Bg7 4. e4 d6 5. f4 O-O 6. Nf3 c5 7. dxc5 Qa5 8. Bd3
Qxc5 9. Qe2 Bg4 10. Be3 Qh5 11. O-O Nc6 12. Rac1 Nd7 13. Qf2 Nc5 14. Bb1 e5 15.
f5 gxf5 16. exf5 Bxf5 17. Bxf5 Qxf5 18. Bxc5 dxc5 19. Qxc5 Qe6 20. Kh1 b6 21.
Qe3 Bh6 22. Qf2 Bxc1 23. Rxc1 f6 24. Nd5 Rac8 25. Re1 Kh8 26. b3 Rf7 27. h3 Rg8
28. Qh4 Ne7 29. Nd4 Nf5 30. Qxh7+ Kxh7 31. Nxe6 Re8 32. Nec7 Rc8 33. Nb5 a6 34.
Nbc3 b5 35. Ne4 Rc6 36. c5 a5 37. Rf1 Kg6 38. g4 Nd4 39. h4 Ne6 40. h5+ Kg7 41.
Nd6 Rf8 42. Nf5+ Kf7 43. Nfe7 Rxc5 44. Rxf6+ Ke8 45. Rxe6 Rf2 46. Rc6 Rxc6 47.
Nxc6 Kd7 48. h6 Kxc6 49. h7  1-0

[Event "2. BUNDESLIGA MITTE 2019/2020"]
[Site "Taufkirchen"]
[Date "2019.11.09"]
[Round "5"]
[Board "2"]
[White "Schloffer, Jasmin-Denise"]
[Black "Pilaj, Herwig"]
[Result "1/2-1/2"]
[WhiteElo "2084"]
[BlackElo "2325"]
[PlyCount "94"]
[EventDate "2019.10.11"]
[EventType "team"]
[EventRounds "11"]
[EventCountry "AUT"]
[WhiteTeam "SPG Nettingsdorf/Traun"]
[BlackTeam "SPG Fuerstenfeld/Hartberg 2"]

1. d4 Nf6 2. c4 c5 3. d5 e5 4. Nc3 d6 5. e4 Nbd7 6. Be3 Be7 7. f3 Nh5 8. Qd2 h6
9. O-O-O Bg5 10. g3 Bxe3 11. Qxe3 Qg5 12. Qd2 Qxd2+ 13. Rxd2 a6 14. a4 Ke7 15.
b3 g6 16. Bh3 Rf8 17. Nge2 f5 18. exf5 gxf5 19. Re1 Ndf6 20. Nf4 Rg8 21. Ng2
Kf7 22. Nh4 Rg5 23. Rde2 f4 24. Bxc8 Rxc8 25. g4 Ng7 26. Ng2 Rg6 27. h4 Nge8
28. h5 Rg8 29. Nh4 Ng7 30. Ra2 Rgd8 31. Kd2 Nh7 32. Ne4 Ng5 33. Kd3 Rb8 34.
Rea1 Rd7 35. Nc3 b6 36. Rf1 Kg8 37. Rfa1 Kf7 38. Rf1 Kg8 39. Rfa1 Ne8 40. Rf1
Nf6 41. Nf5 Kh7 42. Re2 Rf8 43. Nh4 Rff7 44. Ree1 Rd8 45. Re2 Rb7 46. Nf5 Rf7
47. Nh4 Rb7  1/2-1/2

[Event "2. BUNDESLIGA MITTE 2019/2020"]
[Site "Taufkirchen"]
[Date "2019.11.09"]
[Round "5"]
[Board "3"]
[White "Kiss, Attila"]
[Black "Ehs, Dominik"]
[Result "1-0"]
[WhiteElo "2335"]
[BlackElo "2087"]
[PlyCount "73"]
[EventDate "2019.10.11"]
[EventType "team"]
[EventRounds "11"]
[EventCountry "AUT"]
[WhiteTeam "SPG Fuerstenfeld/Hartberg 2"]
[BlackTeam "SPG Nettingsdorf/Traun"]

1. d4 Nf6 2. c4 g6 3. Nf3 Bg7 4. g3 O-O 5. Bg2 d6 6. O-O Nbd7 7. Nc3 e5 8. h3
c6 9. e4 Qa5 10. Re1 exd4 11. Nxd4 Nb6 12. Nb3 Qh5 13. Qxh5 Nxh5 14. Na5 Be6
15. c5 dxc5 16. e5 f5 17. exf6 Rxf6 18. g4 Bxg4 19. hxg4 Nf4 20. Ne4 Rff8 21.
Nxb7 Nd3 22. Re2 c4 23. Nbd6 Rad8 24. a4 Bd4 25. a5 Nd5 26. Nxc4 N5f4 27. Bxf4
Rxf4 28. Ra3 Nxf2 29. Nxf2 Bxf2+ 30. Rxf2 Rxc4 31. Bf3 Rb8 32. Rc3 Rxc3 33.
bxc3 Rb5 34. a6 Ra5 35. Be2 Ra3 36. Bc4+ Kg7 37. g5  1-0

[Event "2. BUNDESLIGA MITTE 2019/2020"]
[Site "Taufkirchen"]
[Date "2019.11.09"]
[Round "5"]
[Board "4"]
[White "Poell, Markus"]
[Black "Kuba, Guenter"]
[Result "0-1"]
[WhiteElo "2121"]
[BlackElo "2338"]
[PlyCount "58"]
[EventDate "2019.10.11"]
[EventType "team"]
[EventRounds "11"]
[EventCountry "AUT"]
[WhiteTeam "SPG Nettingsdorf/Traun"]
[BlackTeam "SPG Fuerstenfeld/Hartberg 2"]

1. d4 Nf6 2. Bf4 e6 3. e3 Be7 4. Bd3 c5 5. c3 b6 6. Nd2 Bb7 7. Ngf3 cxd4 8.
exd4 O-O 9. O-O d6 10. Qe2 Nbd7 11. h3 Re8 12. Rad1 Bf8 13. Ne4 Qc7 14. Nxf6+
Nxf6 15. Bg5 Nd7 16. Rfe1 a6 17. Bb1 b5 18. Bc1 g6 19. Nh2 f5 20. Nf3 Bg7 21.
a3 Be4 22. Bc2 Qc6 23. Bd2 Nb6 24. b3 Rad8 25. a4 bxa4 26. c4 Bxf3 27. Qxf3
Qxf3 28. gxf3 Rc8 29. bxa4 Nxc4  0-1

[Event "2. BUNDESLIGA MITTE 2019/2020"]
[Site "Taufkirchen"]
[Date "2019.11.09"]
[Round "5"]
[Board "5"]
[White "Stradner, Stefan"]
[Black "Kepplinger, Lukas"]
[Result "1/2-1/2"]
[WhiteElo "2125"]
[BlackElo "2021"]
[PlyCount "61"]
[EventDate "2019.10.11"]
[EventType "team"]
[EventRounds "11"]
[EventCountry "AUT"]
[WhiteTeam "SPG Fuerstenfeld/Hartberg 2"]
[BlackTeam "SPG Nettingsdorf/Traun"]

1. Nf3 d5 2. c4 c6 3. b3 Nf6 4. Bb2 Bf5 5. g3 e6 6. Bg2 Be7 7. O-O O-O 8. d3
Nbd7 9. a3 h6 10. Nbd2 Re8 11. Rc1 Rb8 12. b4 a5 13. cxd5 exd5 14. Bc3 axb4 15.
axb4 Bd6 16. Re1 Ra8 17. Nb3 Bg4 18. h3 Bh5 19. g4 Bg6 20. Qd2 Ne5 21. Nxe5
Bxe5 22. Bxe5 Rxe5 23. Ra1 Rxa1 24. Rxa1 Qb6 25. Nc5 Re7 26. Ra8+ Re8 27. Rxe8+
Nxe8 28. Qe3 f6 29. Qd4 Nc7 30. Qf4 Na6 31. Nxa6  1/2-1/2

[Event "2. BUNDESLIGA MITTE 2019/2020"]
[Site "Taufkirchen"]
[Date "2019.11.09"]
[Round "5"]
[Board "6"]
[White "Modric, Milos"]
[Black "Marakovits, Nico"]
[Result "1/2-1/2"]
[WhiteElo "1936"]
[BlackElo "2038"]
[PlyCount "69"]
[EventDate "2019.10.11"]
[EventType "team"]
[EventRounds "11"]
[EventCountry "AUT"]
[WhiteTeam "SPG Nettingsdorf/Traun"]
[BlackTeam "SPG Fuerstenfeld/Hartberg 2"]

1. e4 e5 2. Nf3 Nc6 3. Bb5 a6 4. Ba4 Nf6 5. Qe2 b5 6. Bb3 Be7 7. c3 d6 8. d3
O-O 9. O-O Na5 10. Bc2 c5 11. Re1 Re8 12. Nbd2 Bf8 13. Nf1 g6 14. h3 Bg7 15.
Bg5 Qc7 16. Ne3 Be6 17. Bxf6 Bxf6 18. Nd5 Bxd5 19. exd5 c4 20. Nd2 Bg7 21. dxc4
bxc4 22. Ne4 h6 23. Ba4 Red8 24. g4 Rab8 25. Rab1 f5 26. Ng3 Qf7 27. gxf5 gxf5
28. Qh5 Qxh5 29. Nxh5 Kf7 30. Kh2 f4 31. Nxg7 Kxg7 32. Rg1+ Kf6 33. Bc2 Rg8 34.
Rxg8 Rxg8 35. Rg1  1/2-1/2

[Event "2. BUNDESLIGA MITTE 2019/2020"]
[Site "Taufkirchen"]
[Date "2019.11.09"]
[Round "5"]
[Board "1"]
[White "Leisch, Lukas"]
[Black "Gonda, Laszlo"]
[Result "1/2-1/2"]
[WhiteElo "2340"]
[BlackElo "2532"]
[PlyCount "62"]
[EventDate "2019.10.11"]
[EventType "team"]
[EventRounds "11"]
[EventCountry "AUT"]
[WhiteTeam "SPG Freistadt/Wartberg"]
[BlackTeam "ASK St. Valentin"]

1. c4 e6 2. Nc3 d5 3. e3 Nf6 4. Nf3 b6 5. cxd5 exd5 6. g3 Bd6 7. Bg2 O-O 8. O-O
Bb7 9. b3 Nbd7 10. Bb2 Re8 11. Qc2 a6 12. Rac1 Qe7 13. Rfd1 c6 14. Ne2 Rac8 15.
Qb1 Rc7 16. Qa1 Ba3 17. Nf4 g6 18. d4 a5 19. Bxa3 Qxa3 20. Ne5 Qd6 21. Nfd3 Nf8
22. a3 c5 23. dxc5 bxc5 24. Nf3 N8d7 25. Nf4 Qb6 26. Qb1 Rec8 27. Ne1 d4 28.
Bxb7 Rxb7 29. exd4 Qxb3 30. Qxb3 Rxb3 31. Rd3 a4  1/2-1/2

[Event "2. BUNDESLIGA MITTE 2019/2020"]
[Site "Taufkirchen"]
[Date "2019.11.09"]
[Round "5"]
[Board "2"]
[White "Sandhoefner, Florian"]
[Black "Ly, Dominik"]
[Result "1-0"]
[WhiteElo "2323"]
[BlackElo "2228"]
[PlyCount "113"]
[EventDate "2019.10.11"]
[EventType "team"]
[EventRounds "11"]
[EventCountry "AUT"]
[WhiteTeam "ASK St. Valentin"]
[BlackTeam "SPG Freistadt/Wartberg"]

1. e4 c5 2. Nf3 d6 3. d4 cxd4 4. Nxd4 Nf6 5. Nc3 Nc6 6. Be2 e5 7. Nb3 Be6 8.
O-O d5 9. exd5 Nxd5 10. Nxd5 Bxd5 11. Be3 Be7 12. c4 Be6 13. Nc5 Bxc5 14. Bxc5
Qa5 15. b4 Qc7 16. Bd6 Qd7 17. b5 Nd4 18. Bxe5 Nxe2+ 19. Qxe2 O-O 20. Rfd1 Qc8
21. Rac1 Rd8 22. Rxd8+ Qxd8 23. c5 Qd5 24. a4 Rc8 25. Qe3 Bf5 26. Qd4 Qxd4 27.
Bxd4 Bd7 28. Rd1 Be8 29. Re1 Bd7 30. f3 Kf8 31. Be5 Be6 32. Bd6+ Kg8 33. Kf2 a6
34. bxa6 bxa6 35. Rb1 Bd7 36. Rb6 Bxa4 37. Rxa6 Bb5 38. Rb6 Bc6 39. Ke3 f6 40.
Kd4 Kf7 41. Ra6 Ke6 42. Ra7 Bd7 43. f4 g6 44. g4 f5 45. g5 Re8 46. Ra3 Bc6 47.
Rh3 Rh8 48. Kc4 Bg2 49. Rh6 Bc6 50. Be5 Rd8 51. Rxh7 Rd7 52. Rh6 Kf7 53. h4 Bf3
54. c6 Bxc6 55. h5 Bd5+ 56. Kc5 gxh5 57. Rh7+  1-0

[Event "2. BUNDESLIGA MITTE 2019/2020"]
[Site "Taufkirchen"]
[Date "2019.11.09"]
[Round "5"]
[Board "3"]
[White "Mayerhofer, Peter"]
[Black "Breneis, Lukas"]
[Result "1-0"]
[WhiteElo "2174"]
[BlackElo "2240"]
[PlyCount "83"]
[EventDate "2019.10.11"]
[EventType "team"]
[EventRounds "11"]
[EventCountry "AUT"]
[WhiteTeam "SPG Freistadt/Wartberg"]
[BlackTeam "ASK St. Valentin"]

1. e4 c5 2. d4 cxd4 3. c3 dxc3 4. Nxc3 Nc6 5. Nf3 e6 6. Bc4 a6 7. O-O Nge7 8.
Bg5 h6 9. Be3 b5 10. Bb3 Ng6 11. Re1 Be7 12. Nd5 exd5 13. exd5 Bb7 14. dxc6
Bxc6 15. Nd4 O-O 16. Qh5 Nh8 17. Rad1 Be4 18. Qg4 Bg6 19. Nc6 dxc6 20. Rxd8
Bxd8 21. Bc5 Ba5 22. Rd1 Rfe8 23. f4 h5 24. Qh3 Be4 25. Qxh5 Rad8 26. Rxd8 Rxd8
27. Qe5 Bd5 28. Bc2 Bc4 29. b4 Ng6 30. Bxg6 fxg6 31. bxa5 Rd1+ 32. Kf2 Rd2+ 33.
Ke1 Rxa2 34. Bd4 Kf7 35. Qxg7+ Ke6 36. Qf6+ Kd7 37. Bc5 Re2+ 38. Kd1 Re6 39.
Qg7+ Ke8 40. Qb7 Bb3+ 41. Kd2 Re7 42. Qxe7#  1-0